000 00500nam a2200181Ia 4500
008 191130s2009##################000#0#eng##
020 _a9780393732610
040 _aACL
_cACL
082 _a720 TWO
100 _aTwombly, Robert
245 _aFrank Lioyd Wright : essential texts
_cRobert Twombly
260 _aNew York
_bW. W. Norton & Company
_c2009
300 _a303 p. : ill
500 _aIncludes index
990 _a591d4179ac10000c2652363cb6e53a3a
991 _a301465
999 _c188032
_d188032